Statistiques concernant Quel est ce personnage Demon Slayer ?

Cliquez ici pour prendre le quiz!

Statistiques générales

  • Ce quiz a été pris 810 fois
  • Le résultat moyen est 25 sur 43

Statistiques - réponses

Réponse% Correct
Nezuko Kamado
99%
Tanjiro Kamado
99%
Zenitsu Agatsuma
96%
Inosuke Hashibira
94%
Kyojuro Rengoku
88%
Muzan Kibutsuji
87%
Tengen Uzui
87%
Giyū Tomioka
84%
Akaza
82%
Shinobu Kochō
82%
Kanao Tsuyuri
78%
Mitsuri Kanroji
78%
Genya Shinazugawa
74%
Muichirō Tōkitō
74%
Sanemi Shinazugawa
74%
Obanai Iguro
73%
Doma
69%
Tamayo
69%
Daki
68%
Sabito
67%
Gyomei Himejima
66%
Rui
66%
Enmu
58%
Gyutaro
58%
Sakonji Urokodaki
57%
Tanjuro Kamado
51%
Kagaya Ubuyashiki
49%
Hotaru Haganezuka
48%
Aoi Kanzaki
47%
Makomo
44%
Kie Kamado
40%
Yushiro
36%
Amane Ubuyashiki
35%
Kiriya Ubuyashiki
26%
Kanata Ubuyashiki
25%
Susamaru
25%
Hinaki Ubuyashiki
24%
Yahaba
24%
Nichika Ubuyashiki
23%
Mukago
13%
Rokuro
13%
Kamanue
12%
Wakuraba
11%

Distribution des résultats

Percentile par nombre de réponses

% des personnes avec chaque résultat

Votre développement - résultats

Vous n’avez pas pris ce quiz